000 00657nam a2200217 a 4500
999 _c3643
_d3643
001 3643
003 BD-JhCC
005 20171119090045.0
008 171115s1885 i ||||| |||| 00| 0 b d
035 _a(BD-JhCC)
040 _aBD-JhCC
_dBD-JhCC
041 _aben
082 _a891.4409
_bTAG 1885
100 _a ঠাকুর, রবীন্দ্রনাথ
245 _aবিদায় অভিশাপ /
_cরবীন্দ্রনাথ ঠাকুর
260 _aকলিকাতা :
_bবিশ্বভারতী,
_c১৮৮৫
300 _a23 p. :
_c22cm.
650 _aShort Stories
942 _2ddc
_cBK